| 000 | 00624nam a22001937a 4500 | ||
|---|---|---|---|
| 005 | 20230227062923.0 | ||
| 008 | 230227b |||||||| |||| 00| 0 eng d | ||
| 020 | _a978-1-118-99632-4 | ||
| 082 | _a512.5 Sa128 2016 | ||
| 100 |
_aSaff, Edward Barry. _eauthor |
||
| 245 |
_aSolutions manual to accompany fundamentals of matrix analysis with applications / _cEdward Barry Saff, Arthur David Snider |
||
| 260 |
_aNew Jersey: _bJohn Wiley, _cc2016 |
||
| 300 |
_a261p.: _bill. |
||
| 541 | _e5755 | ||
| 650 | _aLinear algebra | ||
| 650 | _aMatrices | ||
| 650 | _aOrthogonalization method | ||
| 700 |
_aSnider, Arthur David _eauthor |
||
| 999 |
_c1442 _d1442 |
||